|
|
|
|
| LEADER |
01608nam a2200349 4500 |
| 001 |
00020935 |
| 008 |
101019s1997 bg w 000 0 eng d |
| 040 |
|
|
|a BD-DhAAL
|c BD-DhAAL
|d BD-DhAAL
|
| 082 |
0 |
0 |
|a 348.5492/046
|2 21
|
| 999 |
|
|
|c 9829
|d 9829
|
| 999 |
|
|
|c 9829
|
| 999 |
|
|
|c 9829
|
| 130 |
0 |
|
|a DLR
|9 4116
|
| 222 |
|
0 |
|a The Dhaka law reports
|
| 245 |
0 |
4 |
|a The Dhaka law reports :
|b a monthly law journal, volume no. 49 /
|c founder editor :Obaidul Haque Chowdhury,chief editor :A Mountaquim Chaudhury, editor :Shahabuddin Ahmed.
|
| 246 |
1 |
7 |
|a The Dhaka Law Reports.
|
| 260 |
|
|
|a Dhaka :
|b Dhaka Law Reports,
|c 1997
|
| 362 |
0 |
|
|a Vol.XLIX,1997
|
| 500 |
|
|
|a Table of cases of the Appellate Devision of the Supreme Court of Bangladesh.
|
| 500 |
|
|
|a "A journal of law reports."
|
| 500 |
|
|
|a Latest issue consulted: Vol.XLIX,January to December,1997
|
| 541 |
|
|
|e 00020935
|
| 590 |
|
|
|a Published yearly.
|
| 650 |
|
0 |
|a Law reports, digests, etc.
|z Bangladesh.
|9 4117
|
| 650 |
|
0 |
|a Law reports, digests, etc.
|z India
|z Bengal.
|9 4118
|
| 710 |
1 |
|
|a Chowdhury,Obaidul Haque.
|9 1116
|
| 710 |
1 |
|
|a Chaudhury,A Mountaquim.
|9 4016
|
| 710 |
1 |
|
|a Ahmed,Shahabuddin.
|9 4017
|
| 852 |
4 |
|
|a Ayesha Abed Library
|j General shelf
|
| 942 |
|
|
|2 ddc
|c 1HOUR
|0 4
|
| 952 |
|
|
|0 0
|1 0
|2 ddc
|4 0
|6 348_549204600000000_DHA_1997
|7 0
|8 REF
|9 12588
|a BRACUL
|b BRACUL
|c REF
|d 2010-10-19
|l 12
|o 348.5492046 DHA
|p 3010020935
|r 2014-02-25
|s 2014-02-25
|t 1
|w 2010-10-19
|y 1HOUR
|
| 952 |
|
|
|0 0
|1 0
|2 ddc
|4 0
|6 348_549200000000000_046_DHA
|7 0
|8 REF
|9 54140
|a BRACUL
|b BRACUL
|c REF
|d 2015-06-08
|g 994.00
|l 13
|o 348.5492046 DHA
|p 3010029152
|r 2020-03-09
|s 2020-03-09
|t 2
|w 2015-06-08
|y 1HOUR
|